00645nam a2200181 i 450000100060000000300090000600500170001500700030003200800410003510000270007624500950010326000370019830000220023570000350025785200320029299900170032495201220034179221ES-MaACL20230906173929.0t|041020s1973 sp ||||1| spa d1 aHengel, Martin.96253310aJesús y la violencia revolucionaria / cMartin Hengel ; [tradujo Miguel Angel Carrasco]. aSalamanca : bSígueme, c1973. a105 p. ; c21 cm.1 aCarrasco, Miguel Angel.935533 aES-MaACLjC-55502 bR.87990 c79221d79221 00104070aATENEOMbATENEOMcDEPO2d2008-01-17eSCl0oC-55502p1082848r2023-02-23 00:00:00w2023-02-23yMONOGRAFIA